[Event "Savona Provinz-ch"]
[Site "Savona"]
[Date "2011.01.30"]
[Round "4"]
[White "Nikolajevic, Tihomir"]
[Black "Tagliano, Maurizio"]
[Result "1-0"]
[WhiteElo "1865"]
[BlackElo "1852"]
[PlyCount "89"]
[EventDate "2011.01.28"]
[EventType "swiss"]
[EventRounds "5"]
[EventCountry "ITA"]
[SourceTitle "EXT 2012"]
[Source "ChessBase"]
[SourceDate "2011.11.24"]
[SourceVersion "1"]
[SourceVersionDate "2011.11.24"]
[SourceQuality "1"]

1. Nf3 Nf6 2. b3 d5 3. Bb2 c5 4. e3 Bg4 5. Be2 Nc6 6. d4 e6 7. Nbd2 cxd4 8. Nxd4 Bxe2 9. Qxe2 Be7 10. 0-0 0-0 11. Rfc1 Nxd4 12. exd4 Qc7 13. c4 Qf4 14. g3 Qh6 15. c5 Rac8 16. Rc2 Qh3 17. f3 Nd7 18. b4 h5 19. Re1 h4 20. Nf1 hxg3 21. hxg3 Qf5 22. Ne3 Qg6 23. Nf1 b6 24. a3 bxc5 25. dxc5 Bf6 26. Bxf6 Nxf6 27. Rd2 Rfe8 28. Qd3 Qxd3 29. Rxd3 e5 30. Ne3 Red8 31. Nf5 Kf8 32. Rxe5 Re8 33. Rde3 Rxe5 34. Rxe5 d4 35. Nd6 Rd8 36. Kf2 g6 37. g4 a5 38. Ke2 axb4 39. axb4 Rb8 40. b5 Ra8 41. c6 Ra2+ 42. Kd3 Ra3+ 43. Kxd4 Rxf3 44. c7 Rf4+ 45. Ke3 1-0

[Event "Savona Provinz-ch"]
[Site "Savona"]
[Date "2011.01.30"]
[Round "5"]
[White "Tagliano, Maurizio"]
[Black "Atteo, Domenico"]
[Result "0-1"]
[WhiteElo "1852"]
[BlackElo "1799"]
[PlyCount "90"]
[EventDate "2011.01.28"]
[EventType "swiss"]
[EventRounds "5"]
[EventCountry "ITA"]
[SourceTitle "EXT 2012"]
[Source "ChessBase"]
[SourceDate "2011.11.24"]
[SourceVersion "1"]
[SourceVersionDate "2011.11.24"]
[SourceQuality "1"]

1. Nf3 d5 2. d4 Nf6 3. c4 c6 4. Nc3 dxc4 5. a4 Bf5 6. Nh4 Bc8 7. e4 e6 8. Nf3 Bb4 9. Qc2 c5 10. Be3 b6 11. Bxc4 0-0 12. 0-0 Bb7 13. Rad1 Bxc3 14. dxc5 Qc7 15. Qxc3 Nxe4 16. Qe5 Qxe5 17. Nxe5 Nxc5 18. b3 Ba6 19. Rd6 Bxc4 20. bxc4 Nba6 21. a5 Nb7 22. Rd2 Nxa5 23. Ra1 Rfc8 24. Rd6 Rd8 25. Rad1 Nb7 26. Rd7 Rxd7 27. Rxd7 Rd8 28. Rxd8+ Nxd8 29. Kf1 f6 30. Nd3 Nb7 31. Ke2 Kf7 32. Kd2 Nbc5 33. Kc3 Nxd3 34. Kxd3 Ke7 35. f4 Kd7 36. g3 Nc5+ 37. Kc3 Kc6 38. g4 a6 39. h4 g6 40. Bd4 Nd7 41. g5 e5 42. fxe5 fxe5 43. Bf2 Kd6 44. Kb4 e4 45. Be3 Ke5 0-1

[Event "Milan Befana op"]
[Site "Milan"]
[Date "2011.01.02"]
[Round "2"]
[White "Illyuviev, Oleg"]
[Black "Tagliano, Maurizio"]
[Result "1-0"]
[WhiteElo "1987"]
[BlackElo "1852"]
[PlyCount "109"]
[EventDate "2011.01.02"]
[EventType "swiss"]
[EventRounds "6"]
[EventCountry "ITA"]
[SourceTitle "EXT 2012"]
[Source "ChessBase"]
[SourceDate "2011.11.24"]
[SourceVersion "1"]
[SourceVersionDate "2011.11.24"]
[SourceQuality "1"]

1. c4 Nf6 2. Nc3 g6 3. e4 d6 4. d4 Bg7 5. Bd3 0-0 6. Nge2 c5 7. d5 e6 8. 0-0 exd5 9. cxd5 a6 10. a4 Nbd7 11. Bf4 Ne8 12. Qd2 Ne5 13. Bc2 Nc4 14. Qc1 Bd7 15. b3 Ne5 16. Bg5 f6 17. Bd2 b5 18. f4 Nf7 19. f5 g5 20. h4 h6 21. Qe1 Ne5 22. Nc1 bxa4 23. Nxa4 Bb5 24. Ba5 Qe7 25. Rf2 Ng4 26. Qc3 Nxf2 27. Kxf2 gxh4 28. Nd3 Qxe4 29. Re1 Qxf5+ 30. Kg1 Qg4 31. Nf2 Qd4 32. Qxd4 cxd4 33. Bf5 Bxa4 34. bxa4 h5 35. Bd2 Kh8 36. Re7 Rb8 37. Nd3 Rb1+ 38. Kf2 Ra1 39. Nf4 Nc7 40. Rxc7 Re8 41. Ne6 Ra2 42. Ke1 Ra1+ 43. Ke2 Ra2 44. Kd3 Ra3+ 45. Kxd4 Rxa4+ 46. Kd3 Ra3+ 47. Bc3 a5 48. Rxg7 Rc8 49. Rh7+ Kg8 50. Nc7 Rb3 51. Kc2 a4 52. Bxf6 Rg3 53. Re7 Rxg2+ 54. Kd3 Rg3+ 55. Ke4 1-0

[Event "Recco op-B 4th"]
[Site "Recco"]
[Date "2010.11.28"]
[Round "5"]
[White "Tagliano, Maurizio"]
[Black "Bario, Emilio"]
[Result "1-0"]
[WhiteElo "1833"]
[BlackElo "1694"]
[PlyCount "69"]
[EventDate "2010.11.26"]
[EventType "swiss"]
[EventRounds "5"]
[EventCountry "ITA"]
[SourceTitle "EXT 2023"]
[Source "ChessBase"]
[SourceDate "2022.10.05"]
[SourceVersion "1"]
[SourceVersionDate "2022.10.05"]
[SourceQuality "1"]

1. Nf3 d5 2. d4 Nf6 3. c4 c6 4. g3 e6 5. Bg2 Be7 6. 0-0 Nbd7 7. Nc3 0-0 8. Qc2 Re8 9. e4 dxe4 10. Nxe4 Nxe4 11. Qxe4 Nf6 12. Qc2 Bf8 13. Bg5 g6 14. Rad1 Bg7 15. Qc1 Qa5 16. Ne5 Nd7 17. Nf3 f6 18. Bh6 Bxh6 19. Qxh6 Qxa2 20. Qc1 Qa5 21. Rfe1 Nf8 22. Re3 Bd7 23. Nd2 Qc7 24. Nb3 b6 25. Rde1 Rad8 26. Nd2 Kg7 27. Qc3 h6 28. b4 Bc8 29. c5 bxc5 30. bxc5 Qd7 31. Nc4 Qxd4 32. Qxd4 Rxd4 33. Nd6 Re7 34. Bxc6 Rc7 35. Nb5 1-0

[Event "Imperia Corallo op-A 3rd"]
[Site "Imperia"]
[Date "2008.11.22"]
[Round "2"]
[White "Tagliano, Maurizio"]
[Black "Carzolio, Luigi"]
[Result "0-1"]
[WhiteElo "1751"]
[BlackElo "1937"]
[PlyCount "76"]
[EventDate "2008.11.21"]
[EventType "swiss"]
[EventRounds "5"]
[EventCountry "ITA"]
[SourceTitle "EXT 2011"]
[Source "ChessBase"]
[SourceDate "2010.11.26"]
[SourceVersion "1"]
[SourceVersionDate "2010.11.26"]
[SourceQuality "1"]

1. e4 c5 2. b4 cxb4 3. d4 d5 4. e5 Bf5 5. Bd3 Bxd3 6. Qxd3 e6 7. Ne2 Nc6 8. 0-0 Nge7 9. Ng3 h5 10. h4 Ng6 11. Bg5 Be7 12. f4 Nxh4 13. Bxe7 Nxe7 14. Qb5+ Qd7 15. Qxb4 Nhf5 16. Nxf5 Nxf5 17. Rf3 Rc8 18. c3 Rc4 19. Qb3 0-0 20. Nd2 Rc7 21. Rh3 g6 22. Qd1 Rfc8 23. Nb3 Nh6 24. Qd2 Kg7 25. Rf1 Nf5 26. Kf2 b6 27. Rfh1 a5 28. g4 hxg4 29. Rh7+ Kf8 30. Qe2 g3+ 31. Kg2 Rxc3 32. Rh8+ Ke7 33. Rxc8 Qxc8 34. Kg1 a4 35. Qg4 axb3 36. Qg5+ Kd7 37. Rh7 Rc1+ 38. Kg2 Qc2+ 0-1